[Event "Recife Arraes Memorial 11th"]
[Site "Recife"]
[Date "2018.07.27"]
[Round "2"]
[White "Pereira, Silvio Cunha"]
[Black "Soares, Max Jockesi Barbosa"]
[Result "1-0"]
[WhiteElo "2261"]
[BlackElo "1967"]
[PlyCount "37"]
[EventDate "2018.07.27"]
[EventType "swiss"]
[EventRounds "6"]
[EventCountry "BRA"]
[SourceTitle "CBM 186 Extra"]
[Source "ChessBase"]
[SourceDate "2018.08.24"]
[SourceVersion "1"]
[SourceVersionDate "2018.08.24"]
[SourceQuality "1"]

1. e4 e6 2. d4 d5 3. Nc3 dxe4 4. Nxe4 Nf6 5. Bg5 Be7 6. Bxf6 Bxf6 7. Nf3 Nd7 8. Bd3 e5 9. Nxf6+ Qxf6 10. dxe5 Nxe5 11. Qe2 0-0 12. Qxe5 Qxe5+ 13. Nxe5 Re8 14. f4 f6 15. 0-0-0 fxe5 16. Rde1 Be6 17. Rxe5 h6 18. Rxe6 Rxe6 19. Bc4 1-0

[Event "Agua Preta op"]
[Site "Agua Preta"]
[Date "2017.11.24"]
[Round "1"]
[White "Soares, Max Jockesi Barbosa"]
[Black "Nunes, Marcelo Basilio"]
[Result "1-0"]
[WhiteElo "1800"]
[BlackElo "1971"]
[PlyCount "77"]
[EventDate "2017.11.24"]
[EventType "swiss"]
[EventRounds "6"]
[EventCountry "BRA"]
[SourceTitle "CBM 181 Extra"]
[Source "ChessBase"]
[SourceDate "2017.12.12"]
[SourceVersion "1"]
[SourceVersionDate "2017.12.12"]
[SourceQuality "1"]

1. e4 c5 2. Nf3 e6 3. d4 cxd4 4. Nxd4 a6 5. Nc3 Qc7 6. a3 Nf6 7. h3 Nc6 8. Be3 b5 9. f4 d6 10. Be2 Be7 11. 0-0 Bd7 12. Qe1 0-0 13. Rd1 Rac8 14. Qg3 Rfd8 15. Nf3 Be8 16. Qf2 Rb8 17. g4 Na5 18. g5 Nd7 19. f5 Nc4 20. Bxc4 Qxc4 21. Nd4 Ne5 22. Nce2 Bd7 23. b3 Qc8 24. f6 Bf8 25. fxg7 Bxg7 26. Ng3 Kh8 27. Nh5 Rg8 28. Nxg7 Rxg7 29. Qf6 Qd8 30. Qxd8+ Rxd8 31. Nf3 Nxf3+ 32. Rxf3 h6 33. Rxd6 Kh7 34. Kf2 hxg5 35. Bb6 Rc8 36. Rxd7 Rxc2+ 37. Kg3 Kg8 38. Bd4 Rh7 39. Rd8# 1-0